[Event "Santa Susanna op 15th"]
[Site "Santa Susanna"]
[Date "2021.08.04"]
[Round "6"]
[White "Ros Bosch, Carles"]
[Black "Sanchez Aguilar, Arnau"]
[Result "1/2-1/2"]
[WhiteElo "1953"]
[BlackElo "1814"]
[PlyCount "53"]
[EventDate "2021.08.02"]
[EventType "swiss"]
[EventRounds "9"]
[EventCountry "ESP"]
[SourceTitle "EXT 2022"]
[Source "ChessBase"]
[SourceDate "2021.10.06"]
[SourceVersion "1"]
[SourceVersionDate "2021.10.06"]
[SourceQuality "1"]

1. Nf3 d5 2. g3 Nf6 3. Bg2 c5 4. 0-0 g6 5. c4 Bg7 6. d4 cxd4 7. Nxd4 0-0 8. cxd5 Nxd5 9. Nb5 a6 10. Qxd5 Qxd5 11. Bxd5 axb5 12. Nc3 b4 13. Ne4 Nc6 14. Rd1 Ra5 15. Bg5 Nd4 16. Bc4 Bf5 17. Bxe7 Bxe4 18. Bxb4 Rc8 19. Bxf7+ Kxf7 20. Bxa5 Bc2 21. Rd2 Ra8 22. Bc3 Nb3 23. Rd7+ Ke6 24. Rxg7 Nxa1 25. Rxb7 Rxa2 26. Rxh7 Nb3 27. h4 1/2-1/2

[Event "Llinars del Valles op 11th"]
[Site "Llinars del Valles"]
[Date "2017.05.06"]
[Round "3"]
[White "Ayats Llobera, Gerard"]
[Black "Ros Bosch, Carles"]
[Result "1-0"]
[WhiteElo "2246"]
[BlackElo "1927"]
[PlyCount "55"]
[EventDate "2017.04.22"]
[EventType "swiss"]
[EventRounds "9"]
[EventCountry "CAT"]
[SourceTitle "EXT 2018"]
[Source "ChessBase"]
[SourceDate "2017.10.13"]
[SourceVersion "1"]
[SourceVersionDate "2017.10.13"]
[SourceQuality "1"]

1. d4 Nf6 2. c4 g6 3. Nc3 d5 4. Bg5 Ne4 5. Bh4 Nxc3 6. bxc3 Bg7 7. e3 0-0 8. cxd5 Qxd5 9. Bxe7 Re8 10. Ba3 Nc6 11. Nf3 Bg4 12. Bb2 Qa5 13. Qd2 Bxf3 14. gxf3 Rad8 15. Be2 Qf5 16. 0-0-0 Qa5 17. Kb1 b5 18. c4 b4 19. c5 Bf8 20. Qc1 b3 21. a3 Rb8 22. Qc3 Qa4 23. d5 Ne5 24. f4 Bg7 25. fxe5 Bxe5 26. Qc4 Qa5 27. h4 Rb4 28. Qxb4 1-0

[Event "Llinars del Valles op-A 6th"]
[Site "Llinars del Valles"]
[Date "2012.05.19"]
[Round "6"]
[White "Ros Bosch, Carles"]
[Black "Vilanova Olmedo, Ignasi"]
[Result "1/2-1/2"]
[WhiteElo "1878"]
[BlackElo "1758"]
[PlyCount "35"]
[EventDate "2012.04.14"]
[EventType "swiss"]
[EventRounds "9"]
[EventCountry "ESP"]
[SourceTitle "EXT 2013"]
[Source "ChessBase"]
[SourceDate "2012.11.22"]
[SourceVersion "1"]
[SourceVersionDate "2012.11.22"]
[SourceQuality "1"]

1. e4 c6 2. d4 d5 3. e5 Bf5 4. h4 h5 5. Bg5 Qb6 6. Bd3 Bxd3 7. Qxd3 e6 8. Nc3 a6 9. Nf3 Nd7 10. 0-0 Be7 11. Bxe7 Nxe7 12. Ne2 Nf5 13. Ng3 g6 14. c3 Nf8 15. b4 Qd8 16. Nxf5 gxf5 17. Ng5 Ng6 18. g3 1/2-1/2

[Event "Llinars del Valles op-A 6th"]
[Site "Llinars del Valles"]
[Date "2012.05.05"]
[Round "4"]
[White "Ros Bosch, Carles"]
[Black "Pruja Ramirez de Cartagena, Eduardo"]
[Result "1-0"]
[WhiteElo "1878"]
[BlackElo "1710"]
[PlyCount "89"]
[EventDate "2012.04.14"]
[EventType "swiss"]
[EventRounds "9"]
[EventCountry "ESP"]
[SourceTitle "EXT 2013"]
[Source "ChessBase"]
[SourceDate "2012.11.22"]
[SourceVersion "1"]
[SourceVersionDate "2012.11.22"]
[SourceQuality "1"]

1. e4 c5 2. Nf3 g6 3. d4 cxd4 4. c3 dxc3 5. Bc4 Bg7 6. Nxc3 Nc6 7. Ng5 e6 8. Nb5 Nh6 9. Nd6+ Ke7 10. Nb5 Be5 11. Nf3 d5 12. exd5 exd5 13. Nxe5 Nxe5 14. Bxd5 Nf5 15. 0-0 Be6 16. Bxe6 Qxd1 17. Rxd1 fxe6 18. Bg5+ Kf8 19. Bf6 Kf7 20. Bxe5 Rhd8 21. Nd6+ Nxd6 22. Rxd6 Ke7 23. Rad1 Rxd6 24. Rxd6 Rc8 25. Rd1 Rc2 26. f4 a5 27. Bc3 a4 28. a3 Re2 29. Rd4 b5 30. Rb4 Rc2 31. g3 Rc1+ 32. Kg2 Rd1 33. Rxb5 Rd7 34. Ra5 Rc7 35. Rxa4 Kf7 36. Rb4 Ra7 37. a4 Ra6 38. a5 h6 39. Rb6 Ra8 40. a6 g5 41. Rb7+ Kg6 42. a7 Kf5 43. fxg5 hxg5 44. Bd4 Rd8 45. Bf2 1-0

[Event "Llinars del Valles op 3rd"]
[Site "Llinars del Valles"]
[Date "2009.05.09"]
[Round "4"]
[White "Diaz Camallonga, Carles"]
[Black "Ros Bosch, Carles"]
[Result "0-1"]
[WhiteElo "1634"]
[BlackElo "1815"]
[PlyCount "68"]
[EventDate "2009.04.18"]
[EventType "swiss"]
[EventRounds "7"]
[EventCountry "ESP"]
[SourceTitle "EXT 2011"]
[Source "ChessBase"]
[SourceDate "2010.11.26"]
[SourceVersion "1"]
[SourceVersionDate "2010.11.26"]
[SourceQuality "1"]

1. e4 e5 2. Nc3 Nf6 3. f4 d5 4. fxe5 Nxe4 5. Nf3 Bg4 6. d3 Nxc3 7. bxc3 Nd7 8. d4 Be7 9. Bd3 Bh4+ 10. g3 Be7 11. h3 Bh5 12. Qe2 Nf8 13. Qf2 Ne6 14. 0-0 Qd7 15. Nh2 0-0-0 16. Bd2 Bg6 17. Qe2 Bxd3 18. Qxd3 Rdf8 19. Nf3 h5 20. h4 g5 21. hxg5 Rfg8 22. Qf5 Qd8 23. Qxf7 Nxg5 24. Qf5+ Kb8 25. Bxg5 Bxg5 26. Qd3 h4 27. g4 Bf4 28. Rab1 Rxg4+ 29. Kf2 h3 30. Rh1 Rg2+ 31. Kf1 Bg3 32. Rd1 Rf2+ 33. Kg1 Qg8 34. Rh2 Bh4+ 0-1

[Event "Gironi-ch A"]
[Site "Sant Gregori"]
[Date "2007.10.14"]
[Round "2.3"]
[White "Ros Bosch, Carles"]
[Black "Parals Marce, Luis"]
[Result "0-1"]
[WhiteElo "1859"]
[BlackElo "2073"]
[PlyCount "54"]
[EventDate "2007.10.07"]
[EventType "swiss"]
[EventRounds "8"]
[EventCountry "ESP"]
[SourceTitle "EXT 2024"]
[Source "ChessBase"]
[SourceDate "2023.10.10"]
[SourceVersion "1"]
[SourceVersionDate "2023.10.10"]
[SourceQuality "1"]

1. e4 c5 2. Nf3 e6 3. d4 cxd4 4. Nxd4 a6 5. Bd3 Bc5 6. Nb3 Ba7 7. Nc3 Nc6 8. Qe2 d6 9. Be3 Nf6 10. 0-0-0 b5 11. f4 b4 12. Nb1 e5 13. N1d2 Bg4 14. Nf3 Qc7 15. h3 Bxf3 16. gxf3 Nh5 17. Bxa7 Nxf4 18. Qd2 Rxa7 19. Rhg1 g6 20. Bf1 Ke7 21. Qf2 h5 22. h4 Rc8 23. Nd2 Na5 24. Nc4 Nxc4 25. Bxc4 Qxc4 26. Qxa7+ Rc7 27. Qf2 Ne2+ 0-1